| 000 | 00927pam a2200313 i 4500 | ||
|---|---|---|---|
| 999 |
_c1582 _d1582 |
||
| 001 | 018248394 | ||
| 003 | Uk | ||
| 005 | 20230113152738.0 | ||
| 008 | 170116s2017 enka j b 001|0|eng d | ||
| 015 |
_aGBB733389 _2bnb |
||
| 016 | 7 |
_a018248394 _2Uk |
|
| 020 | _a9781474737562 (hbk.) : | ||
| 040 |
_aStDuBDS _beng _cStDuBDS _dUk _dKH8 _erda |
||
| 042 | _aukblcatcopy | ||
| 082 | 0 | 4 |
_a611.73 BEE _223 |
| 100 | 1 |
_aBeevor, Lucy, _eauthor. |
|
| 245 | 1 | 0 |
_aUnderstanding our muscles / _cLucy Beevor. |
| 264 | 1 |
_aOxford : _bRaintree, _c[2017] |
|
| 300 |
_a32 pages : _billustrations ; _c27 cm. |
||
| 336 |
_atext _2rdacontent |
||
| 336 |
_astill image _2rdacontent |
||
| 337 |
_aunmediated _2rdamedia |
||
| 338 |
_avolume _2rdacarrier |
||
| 490 | 0 | _aBrains, body, bones! | |
| 500 |
_aFormerly CIP. _5Uk |
||
| 504 | _aIncludes bibliographical references and index. | ||
| 650 | 0 |
_aMuscles _vJuvenile literature. |
|
| 942 |
_2ddc _cNFIC |
||